000
00315nam a2200109Ia 4500
008
200302s9999 xx 000 0 und d
100
_a
Bert Bielefeld and Others
245
_a
Basics Fundamentals of Presentation Technical Drawing
260
_b
Birkhauser Publlisher for Architecture
260
_c
2013
300
_a
76 P
999
_c
4254
_d
4254